Lord of the Rings Characters - Picture Click Quiz - Statistics

General Stats
  • This quiz has been taken 5,555 times
  • The average score is 28 of 36
Answer Stats
Hint Extra Hint Answer % Correct
Gollum Click on the correct character
98%
Frodo Baggins Click on the correct character
97%
Gandalf the Grey Click on the correct character
97%
Legolas Greenleaf Click on the correct character
95%
Saruman the White Click on the correct character
95%
Bilbo Baggins Click on the correct character
94%
Aragorn Click on the correct character
94%
Samwise Gamgee Click on the correct character
94%
Gimli Click on the correct character
93%
Boromir Click on the correct character
91%
Treebeard Click on the correct character
90%
Meriadoc "Merry" Brandybuck Click on the correct character
90%
Elrond Click on the correct character
86%
Peregrin "Pippin" Took Click on the correct character
85%
Arwen Undomiel Click on the correct character
84%
Galadriel Click on the correct character
83%
Eowyn Click on the correct character
80%
Rosie Cotton Click on the correct character
80%
King Theoden Click on the correct character
79%
King of the Dead Click on the correct character
76%
Gríma Wormtongue Click on the correct character
76%
The Witch-King of Angmar Click on the correct character
73%
Faramir Click on the correct character
73%
Sauron Click on the correct character
72%
The Mouth of Sauron Click on the correct character
71%
Eomer Click on the correct character
69%
Lord Denethor Click on the correct character
68%
Prince Isildur Click on the correct character
66%
Déagol Click on the correct character
65%
Durin's Bane Click on the correct character
64%
Gothmog Click on the correct character
60%
Celeborn Click on the correct character
57%
Lurtz Click on the correct character
47%
Haldir Click on the correct character
47%
Hama Click on the correct character
44%
Gamling Click on the correct character
39%
No matching quizzes found
Score Distribution
Percent of People with Each Score
Percentile by Number Answered
Your Score History
You have not taken this quiz